Country by Landmark Photo Quiz Stats

 Plays Quiz Updated Mar 9, 2017

Challenge
Share
Tweet
Score 0/48 Timer 08:00
0 Plays Today
# Country % Correct
Italy
93.5%
United States
92.3%
United Kingdom
90.6%
Brazil
90.3%
Australia
89.3%
India
89.2%
France
89%
Egypt
88.6%
China
84.4%
Greece
84.3%
Russia
81.9%
Netherlands
78%
Mexico
73.8%
Germany
61.1%
Japan
60%
Canada
55.7%
Peru
53.8%
Saudi Arabia
52.4%
Denmark
49.2%
Malaysia
48.4%
Tanzania
48%
South Korea
46.7%
United Arab Emirates
44.1%
Spain
43.4%
# Country % Correct
Jordan
43.2%
Cambodia
42.7%
Switzerland
42.5%
Turkey
40.3%
Thailand
37.2%
Venezuela
35.1%
Vatican City
32.8%
Belgium
32.3%
Czechia
23.9%
Iraq
23.7%
South Africa
23.5%
Taiwan
20.9%
Afghanistan
19.3%
Austria
19.2%
Hungary
18%
North Korea
16.7%
Iran
15%
Pakistan
14.3%
Nepal
13.9%
Portugal
12.9%
Ukraine
10.9%
Finland
10%
Morocco
9.5%
Kuwait
8.6%

You're not logged in!

Compare scores with friends on all Sporcle quizzes.
Join for Free
OR
Log In

You Might Also Like...

Show Comments

Extras

Top Quizzes Today


Score Distribution

Your Account Isn't Verified!

In order to create a playlist on Sporcle, you need to verify the email address you used during registration. Go to your Sporcle Settings to finish the process.

Report this User

Report this user for behavior that violates our Community Guidelines.

Details: